LEADER 03235oam 2200721I 450 001 9910450704603321 005 20200520144314.0 010 $a1-134-81119-5 010 $a1-134-81120-9 010 $a1-282-77845-5 010 $a9786612778452 010 $a0-203-43086-7 024 7 $a10.4324/9780203430866 035 $a(CKB)1000000000253386 035 $a(EBL)170075 035 $a(OCoLC)171117255 035 $a(SSID)ssj0000365379 035 $a(PQKBManifestationID)11269408 035 $a(PQKBTitleCode)TC0000365379 035 $a(PQKBWorkID)10423046 035 $a(PQKB)10104927 035 $a(MiAaPQ)EBC170075 035 $a(PPN)198459378 035 $a(Au-PeEL)EBL170075 035 $a(CaPaEBR)ebr10057640 035 $a(CaONFJC)MIL277845 035 $a(OCoLC)437078683 035 $a(OCoLC)900290661 035 $a(EXLCZ)991000000000253386 100 $a20180331d1992 uy 0 101 0 $aeng 135 $aurcn||||||||| 181 $ctxt$2rdacontent 182 $cc$2rdamedia 183 $acr$2rdacarrier 200 10$aRisk and blame $eessays in cultural theory /$fMary Douglas 210 1$aLondon ;$aNew York :$cRoutledge,$d1992. 215 $a1 online resource (336 p.) 300 $aPaperback edition published in 1994 by Routledge. 311 $a1-138-12661-6 311 $a0-415-11999-5 320 $aIncludes bibliographical references and indexes. 327 $aBook Cover; Title; Contents; Introduction; RISK AND BLAME; RISK AND JUSTICE; RISK AND DANGER; MUFFLED EARS; WITCHCRAFT AND LEPROSY: TWO STRATEGIES FOR REJECTION; THE SELF AS RISK-TAKER: A CULTURAL THEORY OF CONTAGION IN RELATION TO AIDS; THE NORMATIVE DEBATE AND THE ORIGINS OF CULTURE; WANTS; NO FREE GIFTS: INTRODUCTION TO MAUSS'S ESSAY ON THE GIFT; INSTITUTIONS OF THE THIRD KIND: BRITISH AND SWEDISH LABOUR MARKETS COMPARED; AUTONOMY AND OPPORTUNISM; THOUGHT STYLE EXEMPLIFIED: THE IDEA OF THE SELF; CREDIBILITY; A CREDIBLE BIOSPHERE; THE DEBATE ON WOMEN PRIESTS 327 $aTHE HOTEL KWILU: A MODEL OF MODELS Name index; Subject index; 330 $aRisk and danger are culturally conditioned ideas. They are shaped by pressures of social life and accepted notions of accountability. The risk analyses that are increasingly being utilised by politicians, aid programmes and business ignore the insights to be gained from social anthropology which can be applied to modern industrial society.In this collection of recent essays, Mary Douglas develops a programme for studying risk and blame that follows from ideas originally proposed in Purity and Danger. She suggests how political and cultural bias can be incorporated into the study of risk 606 $aRisk$xSociological aspects 606 $aRisk perception 606 $aRisk assessment 606 $aCulture 608 $aElectronic books. 615 0$aRisk$xSociological aspects. 615 0$aRisk perception. 615 0$aRisk assessment. 615 0$aCulture. 676 $a302/.12 700 $aDouglas$b Mary$f1921-2007.,$081710 801 0$bMiAaPQ 801 1$bMiAaPQ 801 2$bMiAaPQ 906 $aBOOK 912 $a9910450704603321 996 $aRisk and blame$928299 997 $aUNINA LEADER 03647nam 22006972 450 001 9910786031703321 005 20160505120705.0 010 $a1-139-61069-4 010 $a1-107-23610-X 010 $a1-107-25459-0 010 $a1-139-61255-7 010 $a1-139-62185-8 010 $a1-283-94370-0 010 $a1-139-62557-8 010 $a1-139-16228-4 010 $a1-139-61627-7 035 $a(CKB)2670000000326623 035 $a(EBL)1099897 035 $a(OCoLC)823504892 035 $a(SSID)ssj0000804475 035 $a(PQKBManifestationID)11438482 035 $a(PQKBTitleCode)TC0000804475 035 $a(PQKBWorkID)10833782 035 $a(PQKB)10313189 035 $a(UkCbUP)CR9781139162289 035 $a(Au-PeEL)EBL1099897 035 $a(CaPaEBR)ebr10643456 035 $a(CaONFJC)MIL425620 035 $a(MiAaPQ)EBC1099897 035 $a(PPN)261357204 035 $a(EXLCZ)992670000000326623 100 $a20110922d2013|||| uy| 0 101 0 $aeng 135 $aur||||||||||| 181 $ctxt$2rdacontent 182 $cc$2rdamedia 183 $acr$2rdacarrier 200 10$aAcquisition and analysis of terrestrial gravity data /$fLeland Timothy Long, Ronald Douglas Kaufmann$b[electronic resource] 210 1$aCambridge :$cCambridge University Press,$d2013. 215 $a1 online resource (x, 171 pages) $cdigital, PDF file(s) 300 $aTitle from publisher's bibliographic system (viewed on 05 Oct 2015). 311 $a1-107-02413-7 320 $aIncludes bibliographical references and index. 327 $aMachine generated contents note: List of symbols; 1. Gravitational attraction; 2. Instruments and data reduction; 3. Field acquisition of gravity data; 4. Graphical representation of the anomalous field; 5. Manipulation of the gravity field; 6. Interpretation of density structure; 7. Direct inversion; 8. Experimental isostasy; References; Index. 330 $aGravity surveys have a huge range of applications, indicating density variations in the subsurface and identifying man-made structures, local changes of rock type or even deep-seated structures at the crust/mantle boundary. This important one-stop book combines an introductory manual of practical procedures with a full explanation of analysis techniques, enabling students, geophysicists, geologists and engineers to understand the methodology, applications and limitations of a gravity survey. Filled with examples from a wide variety of acquisition problems, the book instructs students in avoiding common mistakes and misconceptions. It explores the increasing near-surface geophysical applications being opened up by improvements in instrumentation and provides more advance-level material as a useful introduction to potential theory. This is a key text for graduate students of geophysics and for professionals using gravity surveys, from civil engineers and archaeologists to oil and mineral prospectors and geophysicists seeking to learn more about the Earth's deep interior. 517 3 $aAcquisition & Analysis of Terrestrial Gravity Data 606 $aGravity anomalies$xMeasurement 606 $aGeophysical surveys 607 $aEarth (Planet)$xCrust 615 0$aGravity anomalies$xMeasurement. 615 0$aGeophysical surveys. 676 $a526/.7 686 $aSCI032000$2bisacsh 700 $aLong$b L. T$g(Leland Timothy),$01515212 702 $aKaufmann$b Ronald Douglas 801 0$bUkCbUP 801 1$bUkCbUP 906 $aBOOK 912 $a9910786031703321 996 $aAcquisition and analysis of terrestrial gravity data$93750844 997 $aUNINA